000 00550cam a2200193 4500500
005 20260405003110.0
041 _afre
042 _adc
100 1 0 _aRontard, Yseult
_eauthor
245 0 0 _aOreiller d’herbes
260 _c2020.
500 _a66
690 _aNatsumé Sôseki
690 _aNature
690 _aPeinture
690 _aYuke
786 0 _nPhilosophie magazine | 141 | 8 | 2020-08-01 | p. 55-55 | 1951-1787
856 4 1 _uhttps://shs.cairn.info/magazine-philosophie-magazine-2020-8-page-55?lang=fr&redirect-ssocas=7080
999 _c2064354
_d2064354